000 00940nam a2200241Ia 4500
003 GCL
008 140319s9999 xx 000 0 ara d
040 _aGCL /
_cGCL
082 0 4 _a327.114
_bن ث
100 1 _aمركز الدراسات السياسية والاستراتيجية
245 1 0 _aالثورة والثورة المضادة فى نيكاراجوا الابعاد الاقليمية والدولية /
_cمركز الدراسات السياسية والاستراتيجية
700 1 _aنادية محمود مصطفى
260 _a[S.N] :
_bمكتبة النهضة المصرية ،
_c1988
300 _a148 ص
490 _a
650 0 4 _aالثورات
650 0 4 _aالاتحاد السوفيتى
650 0 4 _aالولايات المتحدة الامريكية
650 0 4 _aالسياسة الخارجية
650 0 4 _aامريكا الجنوبية
650 0 4 _aنيكاراجوا
942 _2ddc
_cBK
999 _c55671
_d55671